Every city in Sierra Leone - Statistics

General Stats
  • This quiz has been taken 12 times
  • The average score is 4 of 30
Answer Stats
City Population % Correct
F Freetown 609,174
89%
B Bo 223,075
56%
K Kabala 14,108
33%
K Kenema 255,110
33%
K Kambia 11,842
22%
K Koidu 196,418
22%
L Lunsar 16,567
22%
M Makeni 85,116
22%
P Port Loko 33,541
22%
W Waterloo 34,079
22%
B Bendugu 3,458
11%
B Benguema 9,707
11%
D Daru 17,899
11%
K Kamakwie 14,962
11%
M Magburaka 23,136
11%
M Mattru Jong 7,647
11%
M Moyamba 10,249
11%
S Segbwema 7,961
11%
B Blama 7,097
0%
B Bonthe 12,376
0%
G Gbendembu 12,139
0%
G Goderich 19,209
0%
K Kailahun 13,108
0%
M Mile 91 15,491
0%
P Pendembu 12,640
0%
P Pujehun 6,095
0%
R Rokupr 9,285
0%
T Torgbonbu 10,716
0%
Y Yamandu 7,834
0%
Y Yengema 3,621
0%
No matching quizzes found
Score Distribution
Percent of People with Each Score
Percentile by Number Answered
Your Score History
You have not taken this quiz